Finite mathematics with applications: for business and social sciences

Salvato in:
Dettagli Bibliografici
Autori principali: Mizrahi, Abe (autor), Sullivan, Michael (Autore)
Natura: Libro
Lingua:inglese
Pubblicazione: Nueva York John Wiley 1988
Edizione:5a. ed
Soggetti:
Tags: Aggiungi Tag
Nessun Tag, puoi essere il primo ad aggiungerne!!

MARC

LEADER 00000nam a2200000 a 4500
001 UCL0285
003 CL-VaPUC
008 030704e19880000US |||||||||||||||||eng|d
020 |a 0471847259 
082 0 4 |a 519.5  |b MIZ  |2 21 
100 |a Mizrahi, Abe  |e autor  |9 477023 
700 0 |a Sullivan, Michael  |e author  |9 477024 
245 1 0 |a Finite mathematics with applications: for business and social sciences 
250 |a 5a. ed 
300 |a 654 p 
942 |c BK 
945 |d 20030704 00:00:00  |a cmena 
260 |a Nueva York  |b John Wiley  |c 1988 
650 0 |a Matemáticas aplicadas  |9 342401 
650 0 |a Estadística matemática  |9 260028 
650 0 |a Matemáticas finitas  |9 269996 
583 |a last modification  |c 20030704 00:00:00  |k Rodrigo Vera 
999 |c 304227  |d 304225 
952 |0 0  |1 0  |4 0  |6 519_500000000000000_MIZ_1988  |7 0  |8 A  |9 366133  |a BIBGIM  |b BIBGIM  |d 2019-11-21  |i 3916723  |o 519.5 MIZ 1988  |p 3916723  |r 2025-01-15  |w 2019-11-21  |y BK  |k EST